Visual research methods in design / (Record no. 608463)

000 -LEADER
fixed length control field 00999cam a2200277 a 4500
001 - CONTROL NUMBER
control field 3889323
005 - DATE AND TIME OF LATEST TRANSACTION
control field 20240229103007.0
008 - FIXED-LENGTH DATA ELEMENTS--GENERAL INFORMATION
fixed length control field 900424s1991 nyua b 001 0 eng
010 ## - LIBRARY OF CONGRESS CONTROL NUMBER
LC control number 90037290
020 ## - INTERNATIONAL STANDARD BOOK NUMBER
International Standard Book Number 9781138688421
038 ## - RECORD CONTENT LICENSOR
Staff Name Malang Jan
040 ## - CATALOGING SOURCE
Original cataloging agency DLC
Transcribing agency DLC
Modifying agency DLC
050 00 - LIBRARY OF CONGRESS CALL NUMBER
Classification number NA2750
Item number .S25 1991
082 00 - DEWEY DECIMAL CLASSIFICATION NUMBER
Classification number 720.28
Edition number 20
Author Mark SAN
100 1# - MAIN ENTRY--PERSONAL NAME
Personal name Sanoff, Henry.
9 (RLIN) 121646
245 10 - TITLE STATEMENT
Title Visual research methods in design /
Statement of responsibility, etc. Henry Sanoff.
260 ## - PUBLICATION, DISTRIBUTION, ETC.
Place of publication, distribution, etc. New York :
Name of publisher, distributor, etc. Van Nostrand Reinhold,
Date of publication, distribution, etc. c1991.
300 ## - PHYSICAL DESCRIPTION
Extent xvi, 223 p. :
Other physical details ill. ;
Dimensions 25 cm.
504 ## - BIBLIOGRAPHY, ETC. NOTE
Bibliography, etc. note Includes bibliographical references (p. 205-218) and index.
650 #0 - SUBJECT ADDED ENTRY--TOPICAL TERM
Topical term or geographic name entry element Architectural design
General subdivision Research.
9 (RLIN) 32572
650 #0 - SUBJECT ADDED ENTRY--TOPICAL TERM
Topical term or geographic name entry element Symbolism in architecture.
9 (RLIN) 31704
650 #0 - SUBJECT ADDED ENTRY--TOPICAL TERM
Topical term or geographic name entry element Architecture
General subdivision Environmental aspects.
9 (RLIN) 31762
906 ## - LOCAL DATA ELEMENT F, LDF (RLIN)
a 7
b cbc
c orignew
d 1
e ocip
f 19
g y-gencatlg
942 ## - ADDED ENTRY ELEMENTS (KOHA)
Source of classification or shelving scheme
Koha item type Book
Holdings
Withdrawn status Lost status Source of classification or shelving scheme Damaged status Not for loan Permanent Location Current Location Date acquired Source of acquisition Total Checkouts Full call number Barcode Date last seen Cost, replacement price Price effective from Koha item type
          School of Art Design and Architecture (SADA) School of Art Design and Architecture (SADA) 06/14/2023 Multiline   720.28 SAN 1991 SADA0003000 02/29/2024 6622.21 02/29/2024 Book
© 2023 Central Library, National University of Sciences and Technology. All Rights Reserved.